| 000 | 00785namaa2200193 i 4500 | ||
|---|---|---|---|
| 001 | 177706 | ||
| 003 | ES-MaACL | ||
| 005 | 20251003063153.0 | ||
| 008 | 110413s1881 fr | |||| ||fre d | ||
| 100 | 1 |
_aFlammermont, Jules, _d1852-1899 _9146167 |
|
| 245 | 1 | 0 |
_aHistoire des institutions municipales de Senlis / _cpar Jules Flammermont. |
| 260 |
_aParis : _bA. Vieweg, _c1881. |
||
| 300 |
_aXVI, 309 p. [1] h. lám. pleg. ; _c25 cm. |
||
| 490 | 1 |
_aBibliothéque de l'école des hautes études. Sciences philologiques et historiques ; _vfasc. 45 |
|
| 651 | 4 |
_aSenlis (Francia)- _xHistoria. _9146168 |
|
| 830 | 0 | 0 |
_aBibliothèque de l'École des Hautes Études. Sciences historiques et philologiques _vfasc. 45 _9229685 |
| 852 |
_aES-MaACL _jC-7582 |
||
| 999 |
_c177706 _d177706 |
||